Votem em mim! (Record no. 45754)

MARC details
000 -Etiqueta do registo
Valores 00532cam a22001931 04500
100 ## - Dados gerais de processamento
Dados gerais 19930323d1975 m y0pory5003 ba
101 1# - Língua de publicação
Língua por
102 ## - País de publicação
País PT
200 1# - Titulo e menção de responsabilidade
Título próprio Votem em mim!
Primeira menção de responsabilidade W. C. Fields
Outras menções de responsabilidade trad. Margarida Simöes
210 #9 - Publicação
Local de publicação Lisboa
Nome do editor Intervencão,
Data de publicação [D.L. 1975]
215 ## - Descrição física 
Paginação / Volumes 141, [1] p.
Dimensões 21 cm
304 ## - Nota relativa ao título
Texto de nota Tit. orig.: Fields for president
675 ## - CDU
Notação 821.111(73)-22
700 #1 - Autor principal
Apelido Fields,
Nome W. C.,
Datas 1879-1946
702 #1 - Autor secundário
ID Autoridade 1
Apelido Simões,
Nome Margarida
Função 730
801 #0 - Fonte de origem
País PT
Agência BN
Regras de catalogação RPC
990 ## - Elementos KOHA
Tipo de documento Livro
Holdings
Aquisição Empréstimo Código de barras Cota Permissão de empréstimo Tipo de documento
Biblioteca Municipal de Redondo Biblioteca Municipal de Redondo 056985 821.111-22 FIE   Livro

Powered by Koha